25 plus grandes villes d'Occitanie - Statistiques

Statistiques générales
  • Ce quiz a été pris 208 fois
    57 depuis la dernière actualisation
  • Le résultat moyen est 17 sur 25
Statistiques - réponses
Hint Réponse % Correct
310 240 Montpellier
98%
514 819 Toulouse
98%
57 587 Narbonne
92%
151 839 Nîmes
92%
121 616 Perpignan
92%
62 945 Montauban
90%
46 080 Carcassonne
88%
81 545 Béziers
86%
23 981 Rodez
84%
45 337 Sète
82%
51 290 Albi
78%
44 399 Tarbes
78%
22 428 Auch
69%
42 505 Castres
67%
46 125 Alès
65%
27 604 Blagnac
61%
22 044 Millau
57%
29 939 Agde
55%
40 882 Colomiers
49%
26 079 Muret
45%
24 136 Frontignan
39%
26 623 Lunel
39%
30 168 Tournefeuille
31%
26 058 Castelnau-le-Lez
16%
21 079 Plaisance du Touch
8%
Aucun quiz correspondant
Distribution des résultats
% des personnes avec chaque résultat
Percentile par nombre de réponses
Votre historique - résultats
Vous n’avez pas pris ce quiz depuis la dernière actualisation